| 000 | 00498cam a2200193ua 4500 | ||
|---|---|---|---|
| 001 | 11549 | ||
| 008 | 191004n ii |||gr||||Z||||||asm | ||
| 040 | _cMAIN | ||
| 041 | _aasm | ||
| 082 | _a331.702 | ||
| 100 |
_aBuljit Buragohain, _eAuthor. |
||
| 245 |
_aMAIN haatputhi _cBy Buljit Buragohain |
||
| 250 | _a2nd ed. | ||
| 260 |
_aGuwahati: _bAssamese language and software development centre, _c2016. |
||
| 300 | _a144p. | ||
| 653 | _aLabor economics | ||
| 653 | _aMAIN guidance | ||
| 942 | _cBK | ||
| 999 |
_c10369 _d10369 |
||